000 00442nam a2200181Ia 4500
008 151018s9999 xx 000 0 und d
082 _bRBASDV1848
_a823
100 _aparsons Anthony
245 _aThe Riddle of the Burmes
250 _b1
260 _b-
300 _a64
600 _aparsons Anthony
630 _aThe Riddle of the Burmes
700 _aparsons Anthony
730 _aThe Riddle of the Burmes
942 _cBOOK
999 _c1004273
_d1004270